Dreaming mobility and buying vulnerability : (Record no. 55903)
[ view plain ]
| 000 -LEADER | |
|---|---|
| fixed length control field | 01248nam a22002657a 4500 |
| 005 - DATE AND TIME OF LATEST TRANSACTION | |
| control field | 20110824143213.0 |
| 010 ## - LCCN (DPL NO) | |
| LC control number | ENG-103580 B-458849 |
| 020 ## - INTERNATIONAL STANDARD BOOK NUMBER | |
| International Standard Book Number | 9780415687652 |
| Terms of availability | 695.00 |
| 035 ## - SYSTEM CONTROL NUMBER | |
| System control number | EN-87113 B-458849 |
| 037 ## - SOURCE OF ACQUISITION | |
| Source of stock number/acquisition | DBAD/PUB |
| 037 ## - SOURCE OF ACQUISITION | |
| Source of stock number/acquisition | RBC/Ven |
| 082 ## - DEWEY DECIMAL CLASSIFICATION NUMBER | |
| Classification number | 331.12791 |
| 100 ## - MAIN ENTRY--PERSONAL NAME | |
| Personal name | Irudaya Rajan, S. |
| 245 ## - TITLE STATEMENT | |
| Title | Dreaming mobility and buying vulnerability : |
| Remainder of title | overseas recruitment practices in India / |
| Statement of responsibility, etc | by S. Irudaya Rajan, V.J. Varghese [and] M.S. Jayakumar |
| 260 ## - PUBLICATION, DISTRIBUTION, ETC. (IMPRINT) | |
| Place of publication, distribution, etc | New Delhi |
| Name of publisher, distributor, etc | Routledge |
| Date of publication, distribution, etc | 2011 |
| 270 ## - ADDRESS | |
| Address | 912-915, Tolstoy House, 15-17 Tolstoy Marg, Connaught Place |
| City | New Delhi |
| Postal code | 110001 |
| 300 ## - PHYSICAL DESCRIPTION | |
| Extent | xvii,233p. |
| Dimensions | 22cm (Hb) |
| 500 ## - GENERAL NOTE | |
| General note | Includes bibliographical references and index |
| 700 ## - ADDED ENTRY--PERSONAL NAME | |
| Personal name | Varghese, V.J. |
| 9 (RLIN) | 33544 |
| 700 ## - ADDED ENTRY--PERSONAL NAME | |
| Personal name | Jayakumar, M.S. |
| 9 (RLIN) | 33545 |
| 942 ## - ADDED ENTRY ELEMENTS (KOHA) | |
| Source of classification or shelving scheme | Dewey Decimal Classification |
| Item type | English Books |
| Call number suffix | IRU |
| Classification part | 331.12791 |
| Withdrawn status | Lost status | Not for loan | Collection code | Home library | Current library | Date acquired | Source of acquisition | Cost, normal purchase price | Full call number | Barcode | Copy number | Cost, replacement price | Koha item type |
|---|---|---|---|---|---|---|---|---|---|---|---|---|---|
| Non-fiction | Central Library | Central Library | 03/05/2012 | RBC/27381/30.01.2012/07/18.01.2012/06.02.2012 | 695.00 | 331.12791 IRU | B-458849 | 1 | 695.00 | English Books | |||
| Not For Loan | Non-fiction | D.B.Act.Division | D.B.Act.Division | 24/08/2011 | DBAD/PUB | 695.00 | IRU | EN-87113 | 1 | 695.00 | English Books |
